| 000 | 02394nam0a2200457 4500 | ||
|---|---|---|---|
| 001 | RU\NLR\bibl\1367229 | ||
| 005 | 20260406054334.0 | ||
| 010 | _a978-5-02-036114-0 | ||
| 021 |
_aRU _b2009-19891 _91182 |
||
| 035 | _a(nilc)RSL-KNO-004264443 | ||
| 035 | _a(NLR Aleph) 001359379 | ||
| 090 |
_a971416 _c971416 |
||
| 100 | _a20090318d2009 |||y0rusy50 ca | ||
| 101 | 1 |
_arus _ceng _cger |
|
| 102 | _aRU | ||
| 105 | _aa ||||||||| | ||
| 200 | 1 |
_aИзбранные труды _fН. В. Тимофеев-Ресовский _gпод ред. О. Г. Газенко и В. И. Иванова _g[сост.: В. И. Иванов, Н. А. Ляпунова] _gРоссийская акад. наук, Отд-ние биологических наук |
|
| 210 |
_aМосква _cНаука _d2009 |
||
| 215 |
_a510, [1] с., [9] л. ил., портр. _cил., карт. _d25 |
||
| 225 | 1 |
_aПамятники отечественной науки. XX век _fгл. редкол.: акад. Ю.С. Осипов (пред.) и др. |
|
| 320 | _aБиблиогр. в конце ст. | ||
| 320 | _aБиблиогр. в конце кн. | ||
| 320 | _aСписок трудов авт.: c. 485-498 | ||
| 600 | 1 |
_aТимофеев-Ресовский _bН.В. _f1900 - 1981 _gНиколай Владимирович _91156000 _3RU\NLR\auth\66143823 |
|
| 606 | 1 |
_aБиология _jСборники _9896131 _3RU\NLR\auth\664781 |
|
| 610 | 0 | _aБиологические науки -- Сборник одного автора | |
| 610 | 0 | _aБиологические науки -- Общая генетика -- Сборник одного автора | |
| 686 |
_aЕ.я44 _2rubbk |
||
| 686 |
_aЕ04я44 _2rubbk |
||
| 686 | _aЕ.д(2)Тимофеев-Ресовский | ||
| 686 | _aЕ.я44 | ||
| 700 | 1 |
_4070 _7ca _8rus _aТимофеев-Ресовский _bН. В. _f1900-1981 _gНиколай Владимирович _9118782 _3RU\NLR\auth\778902 |
|
| 702 | 1 |
_4220 _7ca _8rus _aИванов _bВ. И. _cд-р биол. наук _f1932- _gВладимир Ильич _913512 _3RU\NLR\auth\7730494 |
|
| 702 | 1 |
_4340 _7ca _8rus _aГазенко _bО. Г. _f1918-2007 _gОлег Георгиевич _999718 _3RU\NLR\auth\77116793 |
|
| 801 | 0 |
_aRU _bРКП _c20090318 _grcr |
|
| 801 | 1 |
_aRU _bРГБ _c20090318 |
|
| 801 | 2 |
_aRU _bNLR _c20090508 _grcr |
|
| 830 | _aпо эк | ||
| 942 | _cBOOK | ||
| 980 | _aNB | ||